00386nam a2200145Ia 4500008004100000020001800041041000800059082001700067100001700084245003600101250000600137260006500143300001200208650002000220210716s2015 xx 000 0 und d a9789352131815 aeng a004.602 YANK aYank, Kevin. aPHP and mysql: novice to ninja. a5 aNew DelhibShroff Publishers and Distributors Pvt Ltdc2015 axvi,496 aPHP Programming